000 00571nam a2200229Ia 4500
003 OSt
005 20221005121300.0
006 a|||||r|||| 00| 0
007 ta
008 221004b |||||||| |||| 00| 0 kan d
024 _a61393
037 _cTextual
040 _aCRL
_cCRL
_bkan
041 _2kan
_akan
082 _aV24'N6, 33M4
100 _aMahadevaiah T R Au.
_9630331
245 0 _aGubbi taluku darshana
260 _c1984
650 _aHISTORY
942 _hV24'N6, 33M4
_cTEXL
_2cc
999 _c1040644
_d1040644